000 00528nam a2200193Ia 4500
005 20260429111945.0
008 260429s9999||||xx |||||||||||||| ||und||
020 _a9788184114294
041 _aEnglish
082 _a615.19
_bSAC
100 _aSachdeva, Mamta V.
245 0 _aMedicinal chemistry /
_cMamta V. Sachdeva
260 _aNew Delhi :
_bSonali Publications,
_c2025.
300 _axi, 278 p.; hb
650 _a Medicinal chemistry
650 _a Pharmaceutical chemistry
650 _aPharmacology
942 _cTB
999 _c51617
_d51617